Home Print Resources E-Books E-Journals IIMT Lecture Series Library Membership Form Book Recommendation Form Campus Tour Take AdmissionAbout Us Contact Us

Quantitative Techniques Management (Record no. 22867)

000 -LEADER
fixed length control field 00391nam a2200169Ia 4500
003 - CONTROL NUMBER IDENTIFIER
control field OSt
005 - DATE AND TIME OF LATEST TRANSACTION
control field 20240213161631.0
008 - FIXED-LENGTH DATA ELEMENTS--GENERAL INFORMATION
fixed length control field 170619s9999 xx 000 0 und d
020 ## - INTERNATIONAL STANDARD BOOK NUMBER
International Standard Book Number 9780070146730
040 ## - CATALOGING SOURCE
Transcribing agency IIMT ENGINEERING COLLEGE
100 ## - MAIN ENTRY--PERSONAL NAME
Personal name Vohra- N.D
245 #0 - TITLE STATEMENT
Title Quantitative Techniques Management
260 ## - PUBLICATION, DISTRIBUTION, ETC.
Name of publisher, distributor, etc. TMH
260 ## - PUBLICATION, DISTRIBUTION, ETC.
Date of publication, distribution, etc. 2011
546 ## - LANGUAGE NOTE
Language note ENGLISH
942 ## - ADDED ENTRY ELEMENTS (KOHA)
Source of classification or shelving scheme
Koha item type Book Bank
Holdings
Withdrawn status Lost status Source of classification or shelving scheme Damaged status Not for loan Home library Current library Source of acquisition Cost, normal purchase price Total Checkouts Barcode Date last seen Price effective from Koha item type Date acquired Checked out Date last checked out
          IIMT Engineering College-MBA IIMT Engineering College-MBA 3 565.00   13-B-6471 06/23/2017 06/23/2017 Text-Book- for 7 days      
          IIMT Engineering College-MBA IIMT Engineering College-MBA 3 565.00 2 13-B-6472 02/09/2026 06/23/2017 Text-Book- for 7 days 02/09/2026 07/31/2026 02/09/2026
          IIMT Engineering College-MBA IIMT Engineering College-MBA 3 565.00 1 13-B-6473 11/13/2019 06/23/2017 Text-Book- for 7 days     05/06/2019
IIMT, Central Library. All Rights Reserved IIMT,UNIVERSITY © 2023
Implemented and Customised by I CLOUDE EMS
You Are OPAC Visitor No
free web counter

Powered by Koha